Stolice 10 państw Europy, po polsku, angielsku i po ich języku. - Statystyki

Ogólne statystyki
  • Ten quiz został rozwiązany 70 razy
  • Średni wynik to 10 z 10
Statystyki odpowiedzi
Państwo Stolica po polsku / Stolica po angielsku / Stolica w języku ojczystym danego państwa % Poprawnych
Norwegia Oslo / Oslo / Oslo
100%
Niemcy Berlin / Berlin / Berlin
98%
Francja Paryż / Paris / Paris
98%
Czechy Praga / Prague / Praha
98%
Włochy Rzym / Rome / Roma
98%
Dania Kopenhaga / Copenhagen / København
97%
Porugalia Lizbona / Lisbon / Lisboa
97%
Hiszpania Madryt / Madrid / Madrid
97%
Węgry Budapeszt / Budapest / Budapest
95%
Finlandia Helsinki / Helsinki / Helsinki
94%
Nie znaleziono quizów pasujących do podanych kryteriów
Rozkład punktacji
Procent ludzi z każdym wynikiem
Percentyl według liczby udzielonych odpowiedzi
Twoja historia wyników
Nie rozwiązałeś tego quizu